00956nam a22002537a 4500010001500000020002600015020002300041035001300064037001300077082001600090100002300106245005700129260004500186270006600231300002300297490003700320500005000357650004000407650003700447650004200484942003000526999001700556952012900573 aENG-112121 a9780198092087c195.00 a0198092083c195.00 aEN-95653 bDBAD/PUB a331.1330954 aDeshpande, Ashwini aAffirmative action in India / cby Ashwini Deshpande aNew DelhibOxford University Pressc2013 aYMCA Library Building, 1, Jai Singh Road, bNew Delhie110001 ax,218p.c19cm(pbk) aOxford India short introductions aIncludes bibliobraphical references and index aAffirmative action programszIndia. a MinoritiesxEmployment .zIndia aDiscrimination in employment zIndia. 2ddccENmDESh331.1330954 c91293d91293 001040718NFICaDBADbDBADd2015-02-06eDBAD/PUBg195.00l0o331.1330954 DESpEN-95653r2015-02-06 00:00:00t1v195.00yEN